[Event "FIDE World Senior Team Championship 2020"]
[Site "Olympik hotel, Sokolovska 138,"]
[Date "2020.03.07"]
[Round "2.14"]
[White "Farrand, Julian T"]
[Black "Holst, Per"]
[Result "0-1"]
[WhiteElo "1942"]
[BlackElo "2152"]
[PlyCount "102"]
[EventDate "2020.03.06"]
[WhiteTeam "ENG2"]
[BlackTeam "DEN"]

1. d3 d5 2. g3 c5 3. f4 Nf6 4. Nf3 Nc6 5. Bg2 g6 6. O-O Bg7 7. Qe1 d4 8. e4
dxe3 9. Qxe3 Nd4 10. Qd2 O-O 11. Ne5 Nd7 12. Nc4 Nb6 13. c3 Nxc4 14. dxc4 Nf5
15. Qf2 Qc7 16. g4 Nd6 17. Qe2 Rb8 18. Na3 a6 19. Re1 Re8 20. Be3 b6 21. Rad1
Bb7 22. Bd5 Rbd8 23. Qg2 e6 24. Bxb7 Nxb7 25. Nc2 Nd6 26. Qf1 Qc6 27. Bc1 Qa4
28. Na3 Qc6 29. Qg2 Qxg2+ 30. Kxg2 f5 31. g5 Ne4 32. Kf3 Kf7 33. Ke2 Ke7 34.
Nb1 e5 35. Rxd8 Rxd8 36. Rd1 Rxd1 37. Kxd1 Ke6 38. Ke2 exf4 39. Bxf4 Be5 40.
Ke3 Bd6 41. h4 Be7 42. Bc7 h6 43. gxh6 Bxh4 44. Bxb6 Bg5+ 45. Kf3 Bxh6 46. b4
g5 47. b5 g4+ 48. Kg2 axb5 49. cxb5 f4 50. Bc7 f3+ 51. Kf1 Be3 0-1

[Event "FIDE World Senior Team Championship 2020"]
[Site "Olympik hotel, Sokolovska 138,"]
[Date "2020.03.07"]
[Round "2.14"]
[White "Christiansen, Jens Jorgen"]
[Black "Ingham, H William"]
[Result "1/2-1/2"]
[WhiteElo "2042"]
[BlackElo "1875"]
[PlyCount "50"]
[EventDate "2020.03.06"]
[WhiteTeam "DEN"]
[BlackTeam "ENG2"]

1. d4 Nf6 2. Nf3 d6 3. c4 Nbd7 4. Nc3 e5 5. e4 c6 6. Be2 Be7 7. O-O O-O 8. Qc2
a6 9. h3 Re8 10. Be3 Bf8 11. Rfd1 Qc7 12. Rac1 b5 13. cxb5 cxb5 14. a3 Bb7 15.
d5 Rec8 16. Qb1 Qd8 17. Nd2 Nc5 18. b4 Ncd7 19. Nb3 Rc7 20. Na5 Rac8 21. Qd3
Ba8 22. a4 bxa4 23. Nxa4 Rxc1 24. Rxc1 Rxc1+ 25. Bxc1 Nc5 1/2-1/2

[Event "FIDE World Senior Team Championship 2020"]
[Site "Olympik hotel, Sokolovska 138,"]
[Date "2020.03.07"]
[Round "2.14"]
[White "Ewart, Brian R"]
[Black "Christiansen, Arne"]
[Result "1/2-1/2"]
[WhiteElo "1867"]
[BlackElo "2016"]
[PlyCount "56"]
[EventDate "2020.03.06"]
[WhiteTeam "ENG2"]
[BlackTeam "DEN"]

1. d4 Nf6 2. c4 e6 3. g3 d5 4. Bg2 Be7 5. Nf3 O-O 6. O-O Nbd7 7. b3 c5 8. cxd5
exd5 9. Nc3 cxd4 10. Nxd4 Nc5 11. Bf4 a6 12. Qc2 Ne6 13. Rad1 Bb4 14. Be5 Qa5
15. Nf5 d4 16. Bxf6 dxc3 17. Rd5 Qb6 18. Ne7+ Bxe7 19. Bxe7 Re8 20. Ba3 Nd4 21.
Qd3 Nxe2+ 22. Kh1 c2 23. Qxc2 Nd4 24. Qd3 Nc6 25. Rh5 h6 26. Bb2 Be6 27. Qc3 f6
28. f4 Rad8 1/2-1/2

[Event "FIDE World Senior Team Championship 2020"]
[Site "Olympik hotel, Sokolovska 138,"]
[Date "2020.03.07"]
[Round "2.14"]
[White "Jorgensen, Jorgen"]
[Black "Goldrick, Thomas G"]
[Result "1/2-1/2"]
[WhiteElo "2150"]
[BlackElo "1850"]
[PlyCount "70"]
[EventDate "2020.03.06"]
[WhiteTeam "DEN"]
[BlackTeam "ENG2"]

1. Nf3 d5 2. g3 c6 3. Bg2 Bg4 4. c4 e6 5. b3 Nf6 6. Bb2 Nbd7 7. O-O Bd6 8. Nc3
O-O 9. d4 Re8 10. Re1 Qe7 11. h3 Bh5 12. Nh4 Rad8 13. Qc2 g5 14. Nf3 Bg6 15.
Qc1 h6 16. a3 Ne4 17. Nxe4 Bxe4 18. Qc3 f5 19. e3 Nf6 20. Ne5 Bxg2 21. Kxg2 Ne4
22. Qc2 Bxe5 23. dxe5 dxc4 24. Red1 cxb3 25. Qxb3 Rd5 26. Rxd5 cxd5 27. Bd4 b6
28. Qc2 Nc5 29. Rc1 Rc8 30. g4 Qh7 31. Qe2 fxg4 32. hxg4 Qe4+ 33. f3 Qh7 34.
Qb5 Qe7 35. a4 Qc7 1/2-1/2

[Event "FIDE World Senior Team Championship 2020"]
[Site "Olympik hotel, Sokolovska 138,"]
[Date "2020.03.07"]
[Round "2.15"]
[White "Juricek, Stanislav"]
[Black "Ruzicka, Zdenek"]
[Result "1/2-1/2"]
[WhiteElo "2037"]
[BlackElo "2163"]
[PlyCount "59"]
[EventDate "2020.03.06"]
[WhiteTeam "CZE10"]
[BlackTeam "CZE4"]

1. e4 c6 2. d3 d5 3. Nd2 Nd7 4. Ngf3 g6 5. g3 Bg7 6. Bg2 e6 7. O-O Ne7 8. Re1
O-O 9. e5 b6 10. Nf1 Bb7 11. h4 c5 12. Bf4 Nc6 13. Qd2 Qc7 14. Qe2 Rfe8 15.
N1h2 h5 16. g4 hxg4 17. Nxg4 f5 18. Nh6+ Bxh6 19. Bxh6 Nf8 20. c3 Qh7 21. Qd2
Nd8 22. Bxf8 Kxf8 23. d4 Nf7 24. Qf4 Qh6 25. Ng5 Rad8 26. Bf3 Re7 27. Kg2 Kg7
28. Kg3 Ba6 29. Rad1 Rh8 30. Rh1 1/2-1/2

[Event "FIDE World Senior Team Championship 2020"]
[Site "Olympik hotel, Sokolovska 138,"]
[Date "2020.03.07"]
[Round "2.15"]
[White "Joukl, Zdenek"]
[Black "Martinak, Cyril"]
[Result "1-0"]
[WhiteElo "2047"]
[BlackElo "1801"]
[PlyCount "93"]
[EventDate "2020.03.06"]
[WhiteTeam "CZE4"]
[BlackTeam "CZE10"]

1. d4 Nf6 2. Nf3 g6 3. b3 Bg7 4. Bb2 d6 5. e3 O-O 6. Nbd2 Nbd7 7. a4 c5 8. Be2
cxd4 9. exd4 Re8 10. O-O e5 11. dxe5 Nxe5 12. Nxe5 dxe5 13. Nc4 Nd5 14. Re1 f6
15. Qd2 Nf4 16. Rad1 Qxd2 17. Rxd2 Nxe2+ 18. Rexe2 Be6 19. Nd6 Re7 20. Ne4 Rc8
21. c4 Rd7 22. Rxd7 Bxd7 23. Nd6 Rb8 24. Rd2 Bc6 25. f3 Rd8 26. Ba3 Bh6 27. Rd1
f5 28. Kf2 e4 29. c5 exf3 30. gxf3 Bf4 31. h3 Rd7 32. Re1 b6 33. Re8+ Kg7 34.
Rc8 Bb7 35. Nxb7 Rxb7 36. Bb2+ Kf7 37. c6 Rc7 38. Rxc7+ Bxc7 39. Ke3 Ke6 40. b4
Kd5 41. b5 Kc4 42. f4 Kb4 43. Be5 Kxa4 44. Kd4 Kxb5 45. Kd5 Bd8 46. Kd6 a5 47.
Bf6 1-0

[Event "FIDE World Senior Team Championship 2020"]
[Site "Olympik hotel, Sokolovska 138,"]
[Date "2020.03.07"]
[Round "2.15"]
[White "Novak, Josef"]
[Black "Jacek, Miloslav"]
[Result "1-0"]
[WhiteElo "1831"]
[BlackElo "1962"]
[PlyCount "121"]
[EventDate "2020.03.06"]
[WhiteTeam "CZE10"]
[BlackTeam "CZE4"]

1. e4 d5 2. exd5 Qxd5 3. Nc3 Qd6 4. d4 Nf6 5. Nf3 Bg4 6. Be2 c6 7. O-O e6 8.
Re1 Nbd7 9. Bg5 Be7 10. Bh4 Qc7 11. Bg3 Bd6 12. Ne5 Bxe2 13. Qxe2 O-O 14. Rad1
Rad8 15. a3 Rfe8 16. b4 Nb6 17. Ne4 Nxe4 18. Qxe4 Nd5 19. Qf3 b5 20. c4 bxc4
21. Nxc4 Bxg3 22. hxg3 Ne7 23. Rd3 Nf5 24. Qe4 Rd5 25. Ne5 Red8 26. Red1 Qb6
27. Nf3 Nd6 28. Qh4 Nf5 29. Qe4 h6 30. Qf4 a5 31. g4 Nd6 32. bxa5 Rxa5 33. Rc1
Nb5 34. Ne5 f6 35. Nxc6 Nxd4 36. Rxd4 Rxd4 37. Nxd4 e5 38. Rc8+ Kf7 39. Qc1
exd4 40. Qc4+ Kg6 41. Qc2+ Kg5 42. Rg8 Qa7 43. Qh7 Kf4 44. Rxg7 Qb6 45. Qxh6+
Ke4 46. Qg6+ Kd5 47. Qf5+ Kc4 48. Qc2+ Kd5 49. g5 Rc5 50. Qa2+ Kd6 51. gxf6
Rc1+ 52. Kh2 Qb8 53. Rg8 Qc7 54. f7 Kc6+ 55. g3 Qe5 56. Rg6+ Kd7 57. Rg4 Qh5+
58. Rh4 Qf3 59. Rxd4+ Ke7 60. f8=Q+ Qxf8 61. Re4+ 1-0

[Event "FIDE World Senior Team Championship 2020"]
[Site "Olympik hotel, Sokolovska 138,"]
[Date "2020.03.07"]
[Round "2.15"]
[White "Hnat, Zdenek"]
[Black "Vlachopulos, Elefteris"]
[Result "1/2-1/2"]
[WhiteElo "1802"]
[BlackElo "1709"]
[PlyCount "72"]
[EventDate "2020.03.06"]
[WhiteTeam "CZE4"]
[BlackTeam "CZE10"]

1. e4 c5 2. a3 d6 3. b4 Nf6 4. Nc3 cxb4 5. axb4 Nc6 6. b5 Ne5 7. d4 Ng6 8. Be2
b6 9. Bf3 Bb7 10. Nge2 e5 11. Qd3 Qc7 12. Bg5 Nd7 13. Bg4 f6 14. Be3 exd4 15.
Bxd7+ Qxd7 16. Qxd4 Ne5 17. O-O Be7 18. Nf4 O-O 19. Nfd5 Rfc8 20. Ra4 Bf8 21.
Rfa1 Bxd5 22. Nxd5 Qxb5 23. Rb4 Qc5 24. Qb2 Qxc2 25. Qa3 Nd3 26. Rd4 Nc5 27.
Rb4 Qd3 28. Qa2 Kh8 29. Nf4 Qc3 30. Nd5 Qe5 31. f4 Qe8 32. Qc4 Qf7 33. Rf1 Re8
34. Qc2 Rac8 35. Rfb1 Rc6 36. Rc4 Rec8 1/2-1/2

[Event "FIDE World Senior Team Championship 2020"]
[Site "Olympik hotel, Sokolovska 138,"]
[Date "2020.03.07"]
[Round "2.16"]
[White "Pribyl, Josef"]
[Black "Johnsen, Oystein"]
[Result "1-0"]
[WhiteElo "2225"]
[BlackElo "1971"]
[PlyCount "73"]
[EventDate "2020.03.06"]
[WhiteTeam "CZE2"]
[BlackTeam "NOR2"]

1. c4 f5 2. Nf3 Nf6 3. g3 e6 4. Bg2 Be7 5. Nc3 O-O 6. O-O d6 7. d4 Ne4 8. Qc2
Nxc3 9. Qxc3 a5 10. b3 Nc6 11. Bb2 Bf6 12. Qd2 Qe7 13. d5 Nd8 14. Bxf6 Qxf6 15.
Rac1 b6 16. e3 e5 17. a3 Nf7 18. b4 axb4 19. axb4 g5 20. Ra1 Bb7 21. Qc3 g4 22.
Nd2 Ng5 23. Rxa8 Rxa8 24. Ra1 Qf8 25. Ra3 h5 26. Qa1 Rxa3 27. Qxa3 Qa8 28.
Qxa8+ Bxa8 29. h4 gxh3 30. Bf1 Kf7 31. f4 exf4 32. exf4 Nh7 33. Bxh3 Kf6 34.
Bg2 Nf8 35. Nb3 b5 36. c5 Nd7 37. c6 1-0

[Event "FIDE World Senior Team Championship 2020"]
[Site "Olympik hotel, Sokolovska 138,"]
[Date "2020.03.07"]
[Round "2.16"]
[White "Taksrud, Vidar"]
[Black "Jurek, Josef"]
[Result "0-1"]
[WhiteElo "1910"]
[BlackElo "2254"]
[PlyCount "74"]
[EventDate "2020.03.06"]
[WhiteTeam "NOR2"]
[BlackTeam "CZE2"]

1. d4 Nf6 2. c4 e6 3. Nf3 b6 4. g3 Ba6 5. Qc2 Bb7 6. Nc3 c5 7. dxc5 bxc5 8. Bg2
Be7 9. O-O O-O 10. Rd1 Qb6 11. e4 d6 12. Bf4 Rd8 13. h3 Nc6 14. a3 Nd4 15. Nxd4
cxd4 16. Ne2 e5 17. Bd2 Rac8 18. b4 Ba6 19. b5 Bxb5 20. Rdb1 Rxc4 21. Qb3 Rb8
22. Nc1 Rcc8 23. Qd1 Qc6 24. Na2 Ba4 25. Qe1 Rxb1 26. Rxb1 Qd7 27. Nb4 Bb5 28.
Rb2 h6 29. Qb1 a6 30. Nd5 Nxd5 31. exd5 Bg5 32. f4 exf4 33. gxf4 Bf6 34. Rb3 d3
35. Kh2 Qf5 36. Bf3 Rc2 37. Qe1 Qxf4+ 0-1

[Event "FIDE World Senior Team Championship 2020"]
[Site "Olympik hotel, Sokolovska 138,"]
[Date "2020.03.07"]
[Round "2.16"]
[White "Michenka, Jozef"]
[Black "Henrichsen, Erland"]
[Result "1-0"]
[WhiteElo "2291"]
[BlackElo "1901"]
[PlyCount "83"]
[EventDate "2020.03.06"]
[WhiteTeam "CZE2"]
[BlackTeam "NOR2"]

1. d4 Nf6 2. c4 c5 3. d5 b5 4. Qc2 e6 5. e4 exd5 6. exd5 bxc4 7. Bxc4 Qe7+ 8.
Ne2 Qe4 9. Qxe4+ Nxe4 10. O-O Bd6 11. Nbc3 Nxc3 12. Nxc3 Ba6 13. Re1+ Kd8 14.
b3 f6 15. f4 Bc7 16. Ne4 Bxc4 17. bxc4 d6 18. Ng3 g6 19. Bb2 Nd7 20. Re6 Rb8
21. Bc3 Rf8 22. Ne4 f5 23. Ng5 Kc8 24. Nxh7 Rg8 25. Nf6 Nxf6 26. Rxf6 Rb6 27.
Re1 Bd8 28. Rfe6 Ra6 29. Re8 Rxe8 30. Rxe8 Rxa2 31. Rg8 Kd7 32. Rg7+ Kc8 33.
Rxg6 Rc2 34. Bf6 Bb6 35. h4 Rxc4 36. h5 Rxf4 37. g3 c4+ 38. Kg2 Rf2+ 39. Kh3
Rf1 40. h6 Rh1+ 41. Kg2 Rg1+ 42. Kh2 1-0

[Event "FIDE World Senior Team Championship 2020"]
[Site "Olympik hotel, Sokolovska 138,"]
[Date "2020.03.07"]
[Round "2.16"]
[White "Thjomoe, Hans Richard"]
[Black "Cesal, Jaroslav"]
[Result "0-1"]
[WhiteElo "1874"]
[BlackElo "2136"]
[PlyCount "98"]
[EventDate "2020.03.06"]
[WhiteTeam "NOR2"]
[BlackTeam "CZE2"]

1. e4 g6 2. d4 Bg7 3. Nf3 d6 4. Bc4 c6 5. Bb3 Nf6 6. Nc3 O-O 7. O-O Bg4 8. h3
Bxf3 9. Qxf3 Nbd7 10. Bf4 e5 11. dxe5 dxe5 12. Be3 Qe7 13. Rfd1 Rad8 14. Rd2
Nc5 15. Rad1 Rxd2 16. Rxd2 b6 17. Bxc5 Qxc5 18. Qd1 b5 19. Qe2 a5 20. a3 Bh6
21. Rd3 a4 22. Ba2 Bc1 23. Nd1 b4 24. c4 b3 25. Bb1 Qxc4 26. f3 Nh5 27. Qe1 Nf4
28. Ne3 Nxd3 29. Bxd3 Qxd3 30. Qxc1 Rd8 31. Kh2 Qd2 32. Qc5 Qd4 33. Qe7 Qd6 34.
Qg5 f6 35. Qg4 Qd7 36. Qg3 Qe6 37. Qh4 Kg7 38. Qg3 Rd2 39. Qe1 Rxb2 40. Qb4 Re2
41. Nc4 Rc2 42. Ne3 Re2 43. Nc4 h5 44. h4 Qd7 45. Qb8 Rc2 46. Nd6 Rd2 47. Nc4
Rd4 48. Ne3 Qf7 49. Kg3 Rd7 0-1

[Event "FIDE World Senior Team Championship 2020"]
[Site "Olympik hotel, Sokolovska 138,"]
[Date "2020.03.07"]
[Round "2.17"]
[White "Watzka, Horst"]
[Black "Mozna, Eva"]
[Result "1/2-1/2"]
[WhiteElo "2166"]
[BlackElo "1907"]
[PlyCount "41"]
[EventDate "2020.03.06"]
[WhiteTeam "AUT2"]
[BlackTeam "CZEW"]

1. e4 c5 2. Nf3 Nc6 3. Bb5 d6 4. O-O Bd7 5. Re1 e5 6. c3 Nf6 7. d4 Qc7 8. Na3
Be7 9. h3 O-O 10. Bf1 a6 11. Nc2 h6 12. Be3 cxd4 13. cxd4 exd4 14. Nfxd4 Nxd4
15. Qxd4 Qc5 16. Qxc5 dxc5 17. e5 Ne8 18. b3 Nc7 19. Be2 b5 20. f4 Rfd8 21.
Rad1 1/2-1/2

[Event "FIDE World Senior Team Championship 2020"]
[Site "Olympik hotel, Sokolovska 138,"]
[Date "2020.03.07"]
[Round "2.17"]
[White "Pribylova, Ruzena"]
[Black "Kratschmer, Heinz"]
[Result "0-1"]
[WhiteElo "1823"]
[BlackElo "2037"]
[PlyCount "110"]
[EventDate "2020.03.06"]
[WhiteTeam "CZEW"]
[BlackTeam "AUT2"]

1. e4 c5 2. Nf3 g6 3. d4 cxd4 4. Nxd4 Nc6 5. Nxc6 bxc6 6. Qd4 Nf6 7. Nc3 d6 8.
Be2 Bg7 9. O-O O-O 10. Bf3 Nd5 11. Qd3 Nxc3 12. bxc3 Qa5 13. Rd1 Ba6 14. Qe3
Qxc3 15. Qxc3 Bxc3 16. Rb1 Rab8 17. Bg5 f6 18. Be3 c5 19. Rb3 Rxb3 20. axb3 Bb5
21. g3 Kf7 22. Bg4 h5 23. Bh3 a5 24. Bf1 Bxf1 25. Kxf1 Ra8 26. Bd2 Bxd2 27.
Rxd2 a4 28. bxa4 Rxa4 29. f3 Ke6 30. Ke2 f5 31. exf5+ gxf5 32. f4 h4 33. Kf2
Kf6 34. Kg2 Rd4 35. Re2 c4 36. Kh3 hxg3 37. Kxg3 e5 38. fxe5+ dxe5 39. h4 c3
40. Rf2 Rd2 41. Rf3 Rxc2 42. Rd3 f4+ 43. Kf3 Kf5 44. Rd5 Rh2 45. Rc5 Rxh4 46.
Kg2 Rg4+ 47. Kf2 Rg3 48. Rc4 Rd3 49. Rc8 Rh3 50. Kg2 Rg3+ 51. Kf2 Ke4 52. Rc7
Re3 53. Ra7 Kd3 54. Rd7+ Kc2 55. Re7 Kd2 0-1

[Event "FIDE World Senior Team Championship 2020"]
[Site "Olympik hotel, Sokolovska 138,"]
[Date "2020.03.07"]
[Round "2.17"]
[White "Pitzl, Konstantinos"]
[Black "Modrova, Hana"]
[Result "1/2-1/2"]
[WhiteElo "2023"]
[BlackElo "1810"]
[PlyCount "60"]
[EventDate "2020.03.06"]
[WhiteTeam "AUT2"]
[BlackTeam "CZEW"]

1. Nf3 Nf6 2. g3 d6 3. Bg2 Nc6 4. O-O Bg4 5. d3 Qd7 6. c4 Bh3 7. Bg5 h6 8. Bxf6
exf6 9. Nc3 Bxg2 10. Kxg2 Ne5 11. e3 c6 12. Qe2 Qg4 13. d4 Nxf3 14. Qxf3 Qxf3+
15. Kxf3 Be7 16. d5 f5 17. e4 fxe4+ 18. Nxe4 O-O 19. dxc6 bxc6 20. Rad1 Rfd8
21. Rd3 d5 22. cxd5 Rxd5 23. Rxd5 cxd5 24. Nc3 Bf6 25. Re1 Bxc3 26. bxc3 Rc8
27. Re3 Rc4 28. Rd3 Ra4 29. Rd2 Kf8 30. Rxd5 Rxa2 1/2-1/2

[Event "FIDE World Senior Team Championship 2020"]
[Site "Olympik hotel, Sokolovska 138,"]
[Date "2020.03.07"]
[Round "2.17"]
[White "Sunkova, Marie"]
[Black "Nickl, Klaus"]
[Result "0-1"]
[WhiteElo "1837"]
[BlackElo "1946"]
[PlyCount "100"]
[EventDate "2020.03.06"]
[WhiteTeam "CZEW"]
[BlackTeam "AUT2"]

1. d4 Nf6 2. c4 e6 3. Nc3 Bb4 4. Qc2 c5 5. a3 Bxc3+ 6. bxc3 b6 7. Nf3 Bb7 8. e3
d6 9. Bd3 Nbd7 10. O-O Qc7 11. Re1 O-O 12. e4 e5 13. d5 Rfe8 14. Qe2 h6 15. Nh4
Nf8 16. Qf3 Qd8 17. Nf5 Bc8 18. h3 Kh7 19. g4 Ng8 20. Kh2 g6 21. Nxd6 Qf6 22.
Qxf6 Nxf6 23. Nxe8 Nxe8 24. f4 f6 25. Rf1 Nd7 26. Bd2 Kg7 27. Rf2 Nd6 28. Rg1
Ba6 29. g5 hxg5 30. fxg5 Bxc4 31. Bc2 Rf8 32. gxf6+ Nxf6 33. Rfg2 Kf7 34. Rf2
Ke8 35. Rxg6 Ng4+ 36. Kg3 Rxf2 37. hxg4 Rxd2 38. Rxd6 Rxc2 39. g5 Be2 40. Re6+
Kf7 41. Rxe5 Rxc3+ 42. Kf2 Bg4 43. d6 Rf3+ 44. Ke1 Rd3 45. Re7+ Kg6 46. e5 Kxg5
47. Kf2 Kf4 48. e6 Rd2+ 49. Kf1 Rxd6 50. Rf7+ Kg3 0-1

[Event "FIDE World Senior Team Championship 2020"]
[Site "Olympik hotel, Sokolovska 138,"]
[Date "2020.03.07"]
[Round "2.18"]
[White "Gurtovoi, Borys"]
[Black "Vanka, Miloslav"]
[Result "0-1"]
[WhiteElo "1704"]
[BlackElo "2125"]
[PlyCount "88"]
[EventDate "2020.03.06"]
[WhiteTeam "UKR"]
[BlackTeam "CZE9"]

1. Nf3 f5 2. c4 Nf6 3. g3 g6 4. Nc3 Bg7 5. Bg2 d6 6. d4 O-O 7. O-O c6 8. Qc2
Na6 9. a3 Qe8 10. b4 Nc7 11. Bb2 e5 12. dxe5 dxe5 13. e4 f4 14. Ne2 Nh5 15. h3
fxg3 16. fxg3 Qe7 17. c5 Bd7 18. Rad1 Rae8 19. a4 a6 20. Bc1 h6 21. Rd6 Kh7 22.
Rfd1 Bc8 23. Nh4 Bf6 24. Nf3 Bg7 25. Qd2 Rf6 26. Bb2 Rf7 27. g4 Nf4 28. Nxf4
Rxf4 29. Qe3 Rf7 30. g5 h5 31. Kh2 Ref8 32. Nh4 Ne6 33. Nf5 gxf5 34. g6+ Kxg6
35. exf5+ Rxf5 36. Be4 Kh7 37. Bxf5+ Rxf5 38. Qd3 Ng5 39. Rf1 e4 40. Qe2 Rxf1
41. Qxh5+ Kg8 42. Bxg7 Nf3+ 43. Kg2 Rg1+ 44. Kf2 Rxg7 0-1

[Event "FIDE World Senior Team Championship 2020"]
[Site "Olympik hotel, Sokolovska 138,"]
[Date "2020.03.07"]
[Round "2.18"]
[White "Sedlak, Ludek"]
[Black "Dovzhenko, Viktor"]
[Result "0-1"]
[WhiteElo "1917"]
[BlackElo "2069"]
[PlyCount "100"]
[EventDate "2020.03.06"]
[WhiteTeam "CZE9"]
[BlackTeam "UKR"]

1. e4 g6 2. d4 Bg7 3. Nc3 a6 4. f4 d5 5. Nxd5 e6 6. Ne3 Qxd4 7. Qxd4 Bxd4 8.
Nf3 Ba7 9. Ng4 h5 10. Nge5 Ne7 11. Bd2 b5 12. Bc3 O-O 13. O-O-O f6 14. Nd3 Bb7
15. Bb4 Re8 16. e5 f5 17. Bc5 Bxf3 18. gxf3 Nd5 19. Bxa7 Rxa7 20. c3 Kf7 21.
Rd2 Nc6 22. Be2 Na5 23. Nc5 Nxf4 24. Re1 g5 25. Rg1 g4 26. fxg4 Nxe2+ 27. Rxe2
hxg4 28. Rf2 Rg8 29. Rd2 c6 30. b3 Re7 31. Rdg2 Rh8 32. Rf2 Kg6 33. Nd3 Reh7
34. Nf4+ Kf7 35. Rgg2 Nb7 36. Nd3 Rh3 37. Kc2 Rd8 38. Rg3 Rh4 39. Nf4 Nc5 40.
Re3 Rh6 41. Ne2 Rdh8 42. b4 Rxh2 43. Rxh2 Rxh2 44. bxc5 f4 45. Re4 f3 46. Rf4+
Ke7 47. Rxg4 Rxe2+ 48. Kd3 Rxe5 49. Rg7+ Kf6 50. Rg8 Rf5 0-1

[Event "FIDE World Senior Team Championship 2020"]
[Site "Olympik hotel, Sokolovska 138,"]
[Date "2020.03.07"]
[Round "2.18"]
[White "Chubar, Vladimir"]
[Black "Macoun, Jiri"]
[Result "1-0"]
[WhiteElo "1991"]
[BlackElo "1713"]
[PlyCount "53"]
[EventDate "2020.03.06"]
[WhiteTeam "UKR"]
[BlackTeam "CZE9"]

1. d4 d5 2. Nf3 h6 3. c4 e6 4. Nc3 Bb4 5. Bd2 a6 6. Qb3 Bxc3 7. Bxc3 dxc4 8.
Qxc4 b5 9. Qd3 Bb7 10. g3 Nf6 11. Bg2 Nbd7 12. Rc1 O-O 13. Ba5 Rc8 14. O-O Re8
15. Rfd1 Nb8 16. Ne5 Bxg2 17. Kxg2 Qd5+ 18. f3 Nfd7 19. Bxc7 f6 20. Bxb8 Rxc1
21. Rxc1 Rxb8 22. Ng6 Kf7 23. Nf4 Qg5 24. Rc7 Rd8 25. Qe4 Qf5 26. Qc6 e5 27. e4
1-0

[Event "FIDE World Senior Team Championship 2020"]
[Site "Olympik hotel, Sokolovska 138,"]
[Date "2020.03.07"]
[Round "2.19"]
[White "Bartonicek, Zdenek"]
[Black "Babula, Milan"]
[Result "0-1"]
[WhiteElo "1949"]
[BlackElo "2144"]
[PlyCount "92"]
[EventDate "2020.03.06"]
[WhiteTeam "CZE8"]
[BlackTeam "CZE6"]

1. e4 e6 2. d4 d5 3. Nd2 Nc6 4. Ngf3 Nh6 5. Bd3 g6 6. O-O Bg7 7. c3 O-O 8. Re1
f5 9. e5 g5 10. Nf1 Nf7 11. h3 h5 12. h4 gxh4 13. N3h2 Bd7 14. Qxh5 Be8 15. Qe2
Ne7 16. Nd2 Ng6 17. Nb3 b6 18. f4 Qe7 19. Be3 Bh6 20. Rf1 Kg7 21. c4 dxc4 22.
Bxc4 Bc6 23. Bb5 Bd5 24. Rac1 Nd8 25. Bc4 c6 26. Bxd5 exd5 27. Rc3 Rc8 28. Qc2
Qd7 29. Qd2 Ne6 30. Nc1 c5 31. Ne2 cxd4 32. Nxd4 Rxc3 33. Nxe6+ Qxe6 34. Qxc3
Rc8 35. Qd2 Rc4 36. Rf3 Qc6 37. Nf1 Re4 38. g3 Qc4 39. b3 Qc6 40. Qd3 d4 41.
Bxd4 Rxd4 42. Qxd4 Qxf3 43. e6+ Kh7 44. Qd7+ Bg7 45. e7 hxg3 46. Qxf5 Bd4+ 0-1

[Event "FIDE World Senior Team Championship 2020"]
[Site "Olympik hotel, Sokolovska 138,"]
[Date "2020.03.07"]
[Round "2.19"]
[White "Pacl, Vaclav"]
[Black "Becvar, Miroslav"]
[Result "1-0"]
[WhiteElo "2006"]
[BlackElo "1857"]
[PlyCount "95"]
[EventDate "2020.03.06"]
[WhiteTeam "CZE6"]
[BlackTeam "CZE8"]

1. Nf3 e6 2. c4 d5 3. e3 Nf6 4. Nc3 c6 5. b3 Be7 6. Bb2 b6 7. d4 Nbd7 8. Bd3
Bb7 9. O-O c5 10. Qe2 O-O 11. Rfd1 a6 12. Rac1 cxd4 13. exd4 Bd6 14. Ne5 h6 15.
Re1 Bc7 16. Bb1 Re8 17. Rcd1 Nf8 18. Qf3 Rb8 19. Qh3 N6h7 20. Bc1 dxc4 21. bxc4
Bxe5 22. Rxe5 Rc8 23. Bd3 f5 24. Bf1 Ng6 25. Ree1 Ng5 26. Qh5 Qf6 27. Kh1 Rcd8
28. Na4 Ne4 29. Qe2 Bc6 30. f3 Bxa4 31. fxe4 Bxd1 32. Rxd1 fxe4 33. Qxe4 Ne7
34. Bb2 Qf5 35. Qe2 Rd7 36. g3 Rc8 37. Bg2 Rdc7 38. Be4 Qf7 39. Rf1 Qe8 40. Bd3
Nf5 41. Qe4 g6 42. Qe5 Kh7 43. g4 Qc6+ 44. d5 exd5 45. gxf5 d4+ 46. Be4 Re8 47.
fxg6+ Kg8 48. Bd5+ 1-0

[Event "FIDE World Senior Team Championship 2020"]
[Site "Olympik hotel, Sokolovska 138,"]
[Date "2020.03.07"]
[Round "2.19"]
[White "Danek, Vaclav"]
[Black "Vavruska, Antonin"]
[Result "0-1"]
[WhiteElo "1838"]
[BlackElo "1971"]
[PlyCount "72"]
[EventDate "2020.03.06"]
[WhiteTeam "CZE8"]
[BlackTeam "CZE6"]

1. e4 c5 2. Nc3 g6 3. g3 Bg7 4. Bg2 e6 5. Nge2 Nc6 6. d3 Nge7 7. Bg5 h6 8. Be3
Nd4 9. O-O d6 10. Qd2 Rb8 11. Nd1 Nxe2+ 12. Qxe2 O-O 13. c3 Kh7 14. d4 b6 15.
f4 f5 16. e5 dxe5 17. dxc5 e4 18. cxb6 axb6 19. Nf2 Qc7 20. h4 Ra8 21. Rfd1 Ba6
22. Qc2 Rfd8 23. Rxd8 Rxd8 24. Rd1 Rd5 25. Qb3 Rxd1+ 26. Nxd1 Nd5 27. Bf2 Bc4
28. Qc2 e5 29. Ne3 exf4 30. Nxd5 Bxd5 31. gxf4 Qxf4 32. Bd4 Qxh4 33. Bxg7 Kxg7
34. c4 Bc6 35. Qc3+ Qf6 36. Qd2 f4 0-1

[Event "FIDE World Senior Team Championship 2020"]
[Site "Olympik hotel, Sokolovska 138,"]
[Date "2020.03.07"]
[Round "2.19"]
[White "Nespor, Ivan"]
[Black "Kasik, Miroslav"]
[Result "1/2-1/2"]
[WhiteElo "1707"]
[BlackElo "1734"]
[PlyCount "26"]
[EventDate "2020.03.06"]
[WhiteTeam "CZE6"]
[BlackTeam "CZE8"]

1. e4 c5 2. Nf3 e6 3. d4 cxd4 4. Nxd4 a6 5. Be2 Nf6 6. Qd3 Qc7 7. Nc3 Nc6 8.
Nxc6 bxc6 9. Be3 d5 10. O-O Be7 11. f4 dxe4 12. Nxe4 O-O 13. c4 Rd8 1/2-1/2

[Event "FIDE World Senior Team Championship 2020"]
[Site "Olympik hotel, Sokolovska 138,"]
[Date "2020.03.07"]
[Round "2.20"]
[White "Nyrhinen, Harri"]
[Black "Sejkora, Vlastimil"]
[Result "0-1"]
[WhiteElo "1985"]
[BlackElo "2149"]
[PlyCount "58"]
[EventDate "2020.03.06"]
[WhiteTeam "FIN1"]
[BlackTeam "CZE3"]

1. e4 g6 2. d4 Bg7 3. Nc3 c6 4. Be3 d5 5. f3 dxe4 6. fxe4 Nf6 7. Be2 O-O 8. Nf3
Qb6 9. Qd2 Qxb2 10. O-O Qb6 11. Rab1 Qa5 12. Bc4 Ng4 13. Bg5 b5 14. Bb3 e5 15.
d5 c5 16. a4 c4 17. Ba2 b4 18. Nb5 c3 19. Qe2 a6 20. Nd6 Qb6+ 21. Kh1 Qxd6 22.
h3 Nf6 23. Rbe1 a5 24. Rf2 Ba6 25. Qe3 Nbd7 26. Bh6 Nc5 27. Bxg7 Kxg7 28. Nxe5
Ncxe4 29. Rxf6 Nxf6 0-1

[Event "FIDE World Senior Team Championship 2020"]
[Site "Olympik hotel, Sokolovska 138,"]
[Date "2020.03.07"]
[Round "2.20"]
[White "Janda, Zdenek"]
[Black "Lehtosaari, Kalevi"]
[Result "1-0"]
[WhiteElo "2065"]
[BlackElo "1998"]
[PlyCount "77"]
[EventDate "2020.03.06"]
[WhiteTeam "CZE3"]
[BlackTeam "FIN1"]

1. d4 d5 2. c4 c6 3. Nc3 Nf6 4. Nf3 g6 5. Bf4 Bg7 6. e3 O-O 7. h3 Ne4 8. Bd3 f5
9. O-O e6 10. Ne5 Nd7 11. Nxd7 Bxd7 12. f3 Nf6 13. Be5 Qe7 14. c5 Ne8 15. f4
Bxe5 16. fxe5 Ng7 17. b4 b6 18. Rb1 Nh5 19. Qf3 a5 20. Na4 axb4 21. Nxb6 Rxa2
22. Rxb4 Ra3 23. Qd1 Be8 24. Nc8 Qg5 25. Rf3 f4 26. Nd6 Ra2 27. Bf1 Qd8 28.
exf4 Nxf4 29. Qb1 Ra8 30. Rbb3 g5 31. Bd3 Bg6 32. Bxg6 Nxg6 33. Qf1 Rxf3 34.
Rxf3 Ra2 35. Nf7 Qe7 36. Nh6+ Kg7 37. Rf7+ Qxf7 38. Nxf7 Nf4 39. Nxg5 1-0